| 000 | 00351pab a2200133 454500 | ||
|---|---|---|---|
| 008 | 180718b xxu||||| |||| 00| 0 eng d | ||
| 100 | _aShah, D.L. | ||
| 245 | _aQuality management and its place in human dynamics | ||
| 650 | _a Quality Management | ||
| 650 | _a Management | ||
| 650 | _aQuality Control | ||
| 773 | _aMan and Development | ||
| 909 | _a23218 | ||
| 999 |
_c23218 _d23218 |
||